000 00610nam a2200229 i 4500
001 2204913
005 20180118083714.0
008 750108s1974 inu b 001 0 eng
010 _a 74009251
020 _a0672819422
040 _aDLC
_cDLC
_dDLC
041 _aeng
043 _an-us---
080 _a346.730437 LEF
082 0 0 _a346.730437 LEF
100 1 _a14
101 _aJUR
245 1 0 _aLand development law :
_cGeorge Lefcoe.
504 _aIncludes bibliographical references and index.
906 _a7
_bcbc
_corignew
_d2
_eocip
_f19
_gy-gencatlg
942 _2ddc
_cBK
999 _c40491
_d40491